000 00746nam1a22002051i 4500
001 rc\310610
005 20240723220035.0
035 _a(NLR Aleph) 005630783
090 _a6573500
_c6573500
100 _a20030307d1990 u |0rusy50 ca
101 0 _arus
102 _aRU
105 _ay |||||||||
200 1 _aСБОРНИК нормативных материалов по оплате труда рабочих промышленности
_fМ-во автомоб. и с.-х. машиностроения СССР, [ЦНИИТЭИавтосельхозмаш]
210 _aМ.
_cЦНИИТЭИавтосельхозмаш
_d1990
215 _d21
801 0 _aRU
_bNLR
_gpsbo
801 1 _aRU
_bELAR
_2rusmarc
852 _aNLR
_j89-5/6341
942 _cBOOK